000 01383cam a22002054a 4500
005 20250605164242.0
008 250528s ||||||||||||||||||||||||d
035 _a21371
020 _a9789602185537
040 _aGR-AtMCL
_bgre
_dGR-AtMCL
_eAACR2
245 1 _aΜικροοικονομική Θεωρία / Βασικές Αρχές και Προεκτάσεις.
_nΤόμος Α'
260 _bΚριτική - Επιστημονική Βιβλιοθήκη,
_c2008
300 _a416
520 _aΕισαγωγή, Οικονομικά Υποδείγματα, Τα Μαθηματικά της Αριστοποίησης, Επιλογή και Ζήτηση, Προτιμήσεις και Χρησιμότητα, Μεγιστοποίηση της Χρησιμότητας και Επιλογή, Τα Αποτελέσματα Εισοδήματος και Υποκατάστασης, Σχέσεις Ζήτησης Μεταξύ των Αγαθών, Αγοραία Ζήτηση και Ελαστικότητα, Επιλογή σε Συνθήκες Αβεβαιότητας, Επιλογή σε Συνθήκες Αβεβαιότητας: Προσδοκώμενη Χρησιμότητα και Αποστροφή του Κινδύνου.
700 1 _aNicholson Walter
_93549
700 1 _aΜινόγλου Θέμις
_92951
942 _cBK
999 _c6434
_d6434